Spravodaj dvojtýždenník Slovenskej obchodnej a priemyselnej komory
Enregistré dans:
| Format: | Publication en série |
|---|---|
| Langue: | slovaque |
| Publié: |
Bratislava
Slovenská obchodná a priemyselná komora
2000
|
| Sujets: | |
| Tags: |
Pas de tags, Soyez le premier à ajouter un tag!
|
MARC
| LEADER | 00000nas2a2200000 4500 | ||
|---|---|---|---|
| 001 | s124864 | ||
| 005 | 20221220131422.6 | ||
| 041 | 0 | |a slo | |
| 044 | |a SK | ||
| 245 | 1 | 0 | |a Spravodaj |b dvojtýždenník Slovenskej obchodnej a priemyselnej komory |
| 264 | 1 | |a Bratislava |b Slovenská obchodná a priemyselná komora |c 2000 | |
| 300 | |a 1 zv. | ||
| 773 | 0 | |w eu_un_cat*s120231 | |
| 610 | 2 | 0 | |a komory obchodné |
| 610 | 2 | 0 | |a podnikanie |
| 610 | 2 | 0 | |a obchod |